Biofísica
I tiakina i:
| Kaituhi matua: | |
|---|---|
| Hōputu: | Pukapuka |
| Reo: | Pāniora |
| I whakaputaina: |
Moscú
Mir
1985
|
| Ngā marau: | |
| Ngā Tūtohu: |
Tāpirihia he Tūtohu
Kāore He Tūtohu, Me noho koe te mea tuatahi ki te tūtohu i tēnei pūkete!
|
MARC
| LEADER | 00000nam a2200000 a 4500 | ||
|---|---|---|---|
| 001 | UCX3075 | ||
| 003 | CL-VaPUC | ||
| 008 | 910924e19850000RU |||||||||||||||||spa|d | ||
| 082 | 0 | 4 | |a 571.4 |b VOL |2 21 |
| 100 | 0 | |a Volkenshtein, Mikhail V |e author |9 319189 | |
| 245 | 1 | 0 | |a Biofísica |
| 300 | |a 654 p | ||
| 942 | |c BK | ||
| 945 | |d 19910924 00:00:00 | ||
| 260 | |a Moscú |b Mir |c 1985 | ||
| 650 | 0 | |a Biofísica |9 271309 | |
| 583 | |a last modification |c 20120708 10:51:49 |k Rodrigo Vera | ||
| 999 | |c 223936 |d 223934 | ||
| 952 | |0 0 |1 0 |4 0 |6 571_400000000000000_VOL_1985 |7 0 |8 A |9 220205 |a BIBCUR |b BIBCUR |d 2019-11-15 |i 2889080 |o 571.4 VOL 1985 |p 2889080 |r 2025-04-22 |w 2019-11-15 |y BK |k FIS | ||